[Event "Olimpiade 2014 - Open"]
[Site "Tromsø"]
[Date "06.08.2014"]
[Round "5.40"]
[Board "2"]
[White "Mehmeti, Dritan"]
[Black "Bengherabi, Khalil"]
[Result "0-1"]
[WhiteTitle "IM"]
[BlackTitle "FM"]
[WhiteElo "2416"]
[BlackElo "2170"]
[WhiteTeam "Albania"]
[BlackTeam "Algeria"]
[WhiteFideId "4700600"]
[BlackFideId "7900325"]
[EventDate "2014.08.02"]

1. d4 Nf6 2. Bg5 d5 3. Nd2 Nbd7 4. Ngf3 h6 5. Bh4 e6 6. e3 Be7 7. Bd3 O-O 8. O-O
c5 9. c3 b6 10. Ne5 Bb7 11. f4 Ne4 12. Bxe7 Qxe7 13. Nxd7 Qxd7 14. Bxe4 dxe4 15.
Nb3 Rfd8 16. Rf2 a5 17. Rd2 a4 18. dxc5 Qe7 19. c6 Rxd2 20. Qxd2 axb3 21. cxb7
Qxb7 22. a3 Ra5 23. Qd1 Rd5 24. Qxb3 Rd2 25. Qb5 Qe7 26. b4 Qd6 27. h3 Rc2 28.
Kh1 Qd2 29. Rg1 Qxe3 30. Qe8+ Kh7 31. Qxf7 Rc1 32. Rxc1 Qxc1+ 33. Kh2 Qf1 34. h4
e3 35. h5 Qb5 36. Qg6+ Kh8 37. Qxe6 Qxh5+ 38. Kg3 Qe2 39. Qe8+ Kh7 40. Qe4+ Kh8
41. Kh4 Qe1+ 42. Kh5 Qg3 43. a4 g6+ 0-1

[Event "Olimpiade 2014 - Open"]
[Site "Tromsø"]
[Date "06.08.2014"]
[Round "5.40"]
[Board "3"]
[White "Belouadah, Saad"]
[Black "Seitaj, Ilir"]
[Result "1/2-1/2"]
[WhiteTitle "IM"]
[BlackTitle "IM"]
[WhiteElo "2320"]
[BlackElo "2382"]
[WhiteTeam "Algeria"]
[BlackTeam "Albania"]
[WhiteFideId "7900856"]
[BlackFideId "4700031"]
[EventDate "2014.08.02"]

1. d4 d5 2. Bf4 Nf6 3. e3 e6 4. Nd2 c5 5. c3 Qb6 6. Qb1 Bd7 7. a4 Bd6 8. Bg3 h6
9. Ngf3 Bxg3 10. hxg3 Nc6 11. a5 Nxa5 12. dxc5 Qc7 13. Be2 Nc6 14. e4 O-O 15. b4
Ne5 16. Nd4 dxe4 17. Nxe4 Nxe4 18. Qxe4 b6 19. f4 bxc5 20. fxe5 cxd4 21. Qxd4
Rfd8 22. Qe3 Bc6 23. c4 Bxg2 24. Rh4 Rd7 25. Kf2 Bb7 26. Rd4 Rxd4 27. Qxd4 Rd8
28. Qe3 a6 29. Qc5 Qxc5+ 30. bxc5 Rc8 31. Ra5 Kf8 32. Ke3 Ke7 33. Kd4 Rd8+ 34.
Kc3 Kd7 35. Ra1 Kc7 36. Rf1 Rf8 37. Bg4 f5 38. exf6 Rxf6 39. Rxf6 gxf6 40. Bxe6
a5 41. Bg4 Bc6 42. Kd4 Bd7 43. Bf3 Be8 44. Kc3 Bc6 45. Bg4 Be4 46. Kd4 Bg6 47.
Bd1 Be8 48. Kc3 Bc6 49. Bc2 Kd7 50. Bf5+ Ke7 51. Kb3 Kd8 52. Ka3 Kc7 53. Be6 Bf3
54. Bd5 Bd1 55. Be4 f5 56. Bd5 Bc2 57. Kb2 Bd1 58. Ka3 Kd7 59. Kb2 Ke7 60. Kc3
Kf6 61. c6 Ke7 62. c7 Kd7 63. Be6+ Kxc7 64. Bxf5 Bf3 65. Kd4 Kb6 66. Bd3 a4 67.
c5+ Ka5 68. Kc3 Bd5 69. Bc4 Bxc4 70. Kxc4 h5 71. Kd5 a3 72. c6 Kb6 73. Kd6 a2
74. c7 a1=Q 75. c8=Q Qd4+ 76. Ke7 Qg7+ 77. Ke8 Qg8+ 78. Kd7 Qg4+ 79. Kd8 Qg5+
80. Ke8 Qxg3 81. Qe6+ Kc5 82. Qf5+ Kd6 83. Qf6+ Kd5 84. Qf7+ Kd6 85. Qd7+ Kc5 1/2-1/2

[Event "Olimpiade 2014 - Open"]
[Site "Tromsø"]
[Date "06.08.2014"]
[Round "5.40"]
[Board "4"]
[White "Pasku, Llambi"]
[Black "Nassr, Ali"]
[Result "0-1"]
[BlackTitle "IM"]
[WhiteElo "2061"]
[BlackElo "2145"]
[WhiteTeam "Albania"]
[BlackTeam "Algeria"]
[WhiteFideId "4700570"]
[BlackFideId "7900520"]
[EventDate "2014.08.02"]

1. d4 Nf6 2. c4 e6 3. Nf3 b6 4. g3 Bb7 5. Bg2 Be7 6. Nc3 O-O 7. Qc2 c5 8. e4
cxd4 9. e5 dxc3 10. exf6 Bxf6 11. Ng5 Bxg5 12. Bxb7 Bxc1 13. Rxc1 Nc6 14. Bxa8
cxb2 15. Qxb2 Qxa8 16. O-O d6 17. f4 e5 18. Qg2 Nd4 19. Qxa8 Rxa8 20. Kf2 Rc8
21. Ke3 Rc5 22. g4 f6 23. fxe5 dxe5 24. Ke4 Kf7 25. Rfd1 Ke6 26. Rxd4 exd4 27.
Kxd4 h5 28. h3 hxg4 29. hxg4 Rg5 30. Re1+ Re5 31. Ra1 Kd6 32. Rh1 Rg5 33. Rh4
Kc6 34. a3 Kd6 35. Kd3 Ra5 36. Rh7 Rxa3+ 37. Ke4 g5 38. Rf7 Ke6 39. Rc7 Ra5 40.
Rg7 Ra4 41. Kd3 Ra3+ 42. Kd4 Rg3 43. Rxa7 Rxg4+ 44. Kc3 Kd6 45. Kb4 Kc6 46. Re7
Rf4 47. Re6+ Kc7 48. Kb5 Rf5+ 49. Kb4 g4 50. Re7+ Kd6 51. Rb7 Kc6 52. Rg7 Rg5
53. Rf7 Rg6 0-1

[Event "Olimpiade 2014 - Open"]
[Site "Tromsø"]
[Date "06.08.2014"]
[Round "5.41"]
[Board "1"]
[White "Kelires, Andreas"]
[Black "Lee, Sanghoon"]
[Result "1-0"]
[BlackTitle "FM"]
[WhiteElo "2216"]
[BlackElo "2114"]
[WhiteTeam "Cyprus"]
[BlackTeam "South Korea"]
[WhiteFideId "5900727"]
[BlackFideId "13200011"]
[EventDate "2014.08.02"]

1. d4 Nf6 2. c4 g6 3. Nc3 d5 4. Nf3 Bg7 5. Bg5 Ne4 6. Bf4 Nxc3 7. bxc3 O-O 8. e3
c5 9. cxd5 cxd4 10. cxd4 Qxd5 11. Be2 Bf5 12. O-O Nc6 13. Qa4 Qa5 14. Qb3 Qb4
15. Rfc1 a6 16. Bc4 Qxb3 17. axb3 Nb4 18. h3 Rac8 19. g4 Bd7 20. Ne1 b5 21. Be2
Be6 22. Rxc8 Rxc8 23. Nd3 Nxd3 24. Bxd3 Bxb3 25. Rxa6 Bc4 26. Bxc4 bxc4 27. Ra2
f6 28. e4 c3 29. Rc2 f5 30. e5 Rc4 31. Be3 Kf7 32. f3 fxg4 33. hxg4 h5 34. Kf2
hxg4 35. fxg4 Ke6 36. Ke2 Kd5 37. Kd3 Bxe5 38. dxe5 Rxg4 39. Rxc3 Kxe5 40. Rc5+
Kd6 41. Ra5 e5 42. Ba7 Ke6 43. Bb8 Rd4+ 44. Ke3 Rd5 45. Ra1 Rb5 46. Ba7 Rb3+ 47.
Ke4 Rb4+ 48. Kd3 g5 49. Bc5 Rg4 50. Be3 Kf5 51. Rf1+ Ke6 52. Ke2 e4 53. Kf2 Kf5
54. Ra1 Kg6 55. Ra8 Kf6 56. Bd2 Kf5 57. Ra6 Ke5 58. Ra5+ Kf6 59. Ke3 Kg6 60. Kd4
e3+ 61. Kxe3 Rf4 62. Bc3 Rf5 63. Be5 Kh5 64. Ke4 Rf2 65. Bd4 Rf4+ 66. Kd3 Kg6
67. Ra8 Rf1 68. Ke4 Rf4+ 69. Ke5 Rf1 70. Rg8+ Kh5 71. Be3 g4 72. Bf4 Rb1 73. Kf5
Rb5+ 74. Be5 Rb6 75. Rxg4 Rb7 76. Rg8 Rb6 77. Rc8 Ra6 78. Rg8 Rb6 79. Ra8 Rc6
80. Bd4 Rd6 81. Bf6 1-0

[Event "Olimpiade 2014 - Open"]
[Site "Tromsø"]
[Date "06.08.2014"]
[Round "5.41"]
[Board "2"]
[White "Kim, Inguh"]
[Black "Constantinou, Pavlos"]
[Result "1/2-1/2"]
[WhiteTitle "CM"]
[WhiteElo "1829"]
[BlackElo "2106"]
[WhiteTeam "South Korea"]
[BlackTeam "Cyprus"]
[WhiteFideId "13201204"]
[BlackFideId "5900328"]
[EventDate "2014.08.02"]

1. e4 c5 2. Nf3 g6 3. d4 cxd4 4. Nxd4 Nc6 5. Nc3 Bg7 6. Be3 Nf6 7. Bc4 O-O 8.
Bb3 a5 9. O-O Nxd4 10. Bxd4 d6 11. Qe2 Bd7 12. Rad1 a4 13. Bc4 Qa5 14. a3 Rac8
15. Nd5 Nxd5 16. exd5 Bg4 17. f3 Bxd4+ 18. Rxd4 Qa7 19. c3 Bf5 20. Kh1 Rc7 21.
Bb5 Bc2 22. Re1 Rfc8 23. Bc4 Qb6 24. Qxc2 Rxc4 25. Rxc4 Rxc4 26. Rxe7 Qb5 27.
Re2 Qxd5 28. Rd2 Qe5 29. Qd1 Rc6 30. Rd5 Qe3 31. h3 Rb6 32. Rd2 h5 33. Qe2 Qxe2
34. Rxe2 Kg7 35. h4 Kf6 36. Kg1 Kf5 37. Kf2 Rb5 38. Rd2 f6 39. Ke3 g5 40. g3
gxh4 41. gxh4 Re5+ 42. Kf2 Rb5 43. Ke3 Re5+ 44. Kf2 Ke6 45. Rd4 Rb5 46. Re4+ Kf5
47. Rxa4 Rxb2+ 48. Ke3 Rb3 49. Ra5+ b5 50. Kd3 Rb2 51. a4 Kf4 52. Rxb5 Ra2 53.
a5 Kxf3 54. Rxh5 Kg4 55. Rd5 Kxh4 56. Rxd6 f5 57. a6 Kg3 58. Kc4 f4 59. Kb5 f3
60. c4 f2 61. Rf6 Ra3 62. Rxf2 Kxf2 63. c5 Ke3 64. c6 Rb3+ 65. Kc5 Rc3+ 66. Kd5
Rd3+ 67. Kc4 Rd8 68. a7 Ra8 69. c7 Ke4 70. Kc5 Ke5 71. Kc6 Ke6 72. Kb7 Kd7 73.
c8=B+ Kd8 74. Bg4 Rxa7+ 75. Kxa7 1/2-1/2

[Event "Olimpiade 2014 - Open"]
[Site "Tromsø"]
[Date "06.08.2014"]
[Round "5.41"]
[Board "3"]
[White "Aristotelous, Vassilis"]
[Black "Kim, Changhoon"]
[Result "0-1"]
[WhiteElo "1946"]
[BlackElo "1846"]
[WhiteTeam "Cyprus"]
[BlackTeam "South Korea"]
[WhiteFideId "5900468"]
[BlackFideId "34117234"]
[EventDate "2014.08.02"]

1. e4 c5 2. Nc3 g6 3. f4 Bg7 4. Nf3 Nc6 5. Bb5 Nd4 6. Bd3 Nf6 7. e5 Nh5 8. Nxd4
cxd4 9. Ne2 d6 10. Bb5+ Bd7 11. Bxd7+ Qxd7 12. exd6 Qxd6 13. d3 O-O 14. O-O Rac8
15. Bd2 e5 16. f5 Qc5 17. g4 Nf4 18. Nxf4 exf4 19. Bxf4 gxf5 20. Rf2 fxg4 21.
Qxg4 Rc6 22. Rg2 Rg6 23. Qe2 Rc8 24. Bg3 Qb5 25. a4 Qxb2 26. Rf1 Qb6 27. Qe7 f6
28. Re1 Bf8 29. Qd7 Qc6 30. Qf5 Rg5 31. Qh3 Re8 32. Rge2 Re3 33. Qg2 Qxg2+ 34.
Kxg2 Rxe2+ 35. Rxe2 Ra5 36. Re8 Kf7 37. Rb8 b6 38. Kf3 Bc5 39. Ke4 Rxa4 40. Kf5
Ra5 41. Rb7+ Be7+ 42. Ke4 Ke6 43. Kxd4 f5 44. Kc4 f4 45. Be1 Ra1 46. Bc3 f3 0-1

[Event "Olimpiade 2014 - Open"]
[Site "Tromsø"]
[Date "06.08.2014"]
[Round "5.41"]
[Board "4"]
[White "Lee, Jun Hyeok"]
[Black "Antoniou, Antonis"]
[Result "1-0"]
[BlackTitle "FM"]
[WhiteElo "1884"]
[BlackElo "2188"]
[WhiteTeam "South Korea"]
[BlackTeam "Cyprus"]
[WhiteFideId "13202340"]
[BlackFideId "5900123"]
[EventDate "2014.08.02"]

1. d4 d6 2. c4 e5 3. d5 Be7 4. Nc3 h6 5. e4 Nd7 6. Bd3 Nc5 7. Nge2 Nf6 8. h3 c6
9. g4 a6 10. Be3 cxd5 11. cxd5 h5 12. g5 Nfd7 13. h4 Qa5 14. Rb1 b5 15. b4 Nxd3+
16. Qxd3 Qd8 17. a4 bxa4 18. Nxa4 f6 19. g6 Nf8 20. Nb6 Rb8 21. Nxc8 Qxc8 22.
Ng3 Nxg6 23. Nf5 Kf7 24. Rg1 Bf8 25. Ke2 Rb5 26. Rbc1 Qb8 27. Rc6 Rxb4 28. Qxa6
Nf4+ 29. Kf3 Rb1 30. Rc8 Qb7 31. Rxg7+ 1-0

[Event "Olimpiade 2014 - Open"]
[Site "Tromsø"]
[Date "06.08.2014"]
[Round "5.42"]
[Board "1"]
[White "Gaealafshwe, Barileng"]
[Black "Solomon, Kenny"]
[Result "0-1"]
[WhiteTitle "CM"]
[BlackTitle "IM"]
[WhiteElo "2222"]
[BlackElo "2378"]
[WhiteTeam "Botswana"]
[BlackTeam "South Africa"]
[WhiteFideId "11300310"]
[BlackFideId "14300192"]
[EventDate "2014.08.02"]

1. Nf3 d6 2. d4 g6 3. c4 Bg7 4. Nc3 Bg4 5. e3 Nf6 6. Be2 O-O 7. O-O Re8 8. b3 e5
9. Bb2 e4 10. Nd2 Bxe2 11. Qxe2 Qe7 12. Rac1 Nbd7 13. Rfd1 c6 14. a4 a5 15. Ba3
h5 16. Rb1 Nf8 17. b4 h4 18. b5 N8h7 19. bxc6 bxc6 20. Rb6 Qd7 21. Rdb1 h3 22.
g3 Ng5 23. Rb7 Qe6 24. R1b6 Rac8 25. Qd1 Ng4 26. Qe2 Qf5 27. Nd1 Bf8 28. Ra6 Re7
29. Raa7 Rxb7 30. Rxb7 Rd8 31. Nc3 Bg7 32. Rb6 c5 33. Nd5 Kh8 34. Bb2 cxd4 35.
exd4 Nf3+ 36. Nxf3 exf3 37. Qf1 Bh6 38. Bc1 Bxc1 39. Qxc1 Re8 40. Nf4 Qe4 41.
Rb1 Qxd4 42. Nxh3 Re2 43. Qf1 Kg7 44. Rd1 Qc3 45. Rc1 Qb4 46. Qd1 Qc5 47. Qf1
Qb4 48. Qd1 Qc5 49. Qf1 Qh5 50. Rc3 Rxf2 51. Qxf2 Nxf2 52. Nxf2 Qc5 53. Rxf3
Qxc4 54. Rf4 Qc5 55. h4 d5 56. Kf1 d4 57. Ne4 Qc1+ 58. Kg2 Qc2+ 59. Nf2 Qxa4 60.
Kf3 Qb3+ 61. Kg2 Qd5+ 62. Kf1 a4 63. Re4 Qc4+ 64. Ke1 a3 0-1

[Event "Olimpiade 2014 - Open"]
[Site "Tromsø"]
[Date "06.08.2014"]
[Round "5.42"]
[Board "2"]
[White "Kobese, Watu"]
[Black "Njobvu, Ignatius"]
[Result "1-0"]
[WhiteTitle "IM"]
[BlackTitle "FM"]
[WhiteElo "2333"]
[BlackElo "2193"]
[WhiteTeam "South Africa"]
[BlackTeam "Botswana"]
[WhiteFideId "14300141"]
[BlackFideId "11300132"]
[EventDate "2014.08.02"]

1. e4 e6 2. d4 d5 3. Nc3 Nf6 4. Bg5 dxe4 5. Nxe4 Be7 6. Bxf6 gxf6 7. Nf3 f5 8.
Nc3 a6 9. Qd3 Nc6 10. O-O-O Nb4 11. Qd2 c6 12. Kb1 Nd5 13. Na4 Bb4 14. c3 Bd6
15. c4 Nf6 16. c5 Ne4 17. Qc2 Be7 18. Ne5 Nf6 19. Bc4 Nd5 20. Bxd5 exd5 21. Nb6
Rb8 22. Nxc8 Qxc8 23. Rd3 Rg8 24. Rh3 Rg7 25. Re1 Kf8 26. Rh6 Bg5 27. Rd6 f6 28.
Nf3 Re7 29. Rxe7 Kxe7 30. Qe2+ Kf7 31. Nxg5+ fxg5 32. Qh5+ Kg7 33. Qxg5+ Kh8 34.
Qf6+ Kg8 35. Re6 Qf8 36. Qe5 f4 37. Re7 Rd8 38. Qe6+ Kh8 39. Rf7 1-0

[Event "Olimpiade 2014 - Open"]
[Site "Tromsø"]
[Date "06.08.2014"]
[Round "5.42"]
[Board "3"]
[White "Khetho, Phemelo"]
[Black "Van den Heever, Donovan"]
[Result "1-0"]
[WhiteTitle "FM"]
[BlackTitle "FM"]
[WhiteElo "2195"]
[BlackElo "2289"]
[WhiteTeam "Botswana"]
[BlackTeam "South Africa"]
[WhiteFideId "11300280"]
[BlackFideId "14300494"]
[EventDate "2014.08.02"]

1. e4 e5 2. Nf3 Nf6 3. Nc3 Nc6 4. Bb5 Bb4 5. O-O O-O 6. a3 Bxc3 7. dxc3 d6 8.
Re1 Ne7 9. h3 Ng6 10. b4 h6 11. Bf1 Be6 12. c4 Qe8 13. Qd3 a5 14. Qc3 axb4 15.
axb4 Rxa1 16. Qxa1 Qa8 17. Qc3 b6 18. Qd3 Qa4 19. Bd2 Ra8 20. Kh2 Qc6 21. g3 Ra2
22. Qb3 Qa8 23. Qd3 Qa4 24. c3 Bc8 25. Bg2 Bb7 26. Re2 Qa8 27. Ne1 Nxe4 28. Bxe4
Bxe4 29. Qxe4 Qxe4 30. Rxe4 Rxd2 31. Kg2 f5 32. Re3 e4 33. Kf1 Ne5 34. c5 dxc5
35. bxc5 b5 36. Re2 Rd5 37. f4 Nc4 38. g4 g6 39. c6 Rd6 40. Nc2 Rxc6 41. gxf5
gxf5 42. Nd4 Rc5 43. Ne6 Rd5 44. Nxc7 Rd1+ 45. Kf2 Rb1 46. Ra2 e3+ 47. Ke2 Rh1
48. Ra8+ Kf7 49. Nxb5 Rh2+ 50. Ke1 Rd2 51. Nd4 Nb2 52. Ra7+ Ke8 53. Kf1 Rf2+ 54.
Kg1 Rxf4 55. Ra2 Nc4 56. Kg2 Nd2 57. Ra5 Rf2+ 58. Kg3 f4+ 59. Kg4 Kd7 60. Rd5+
Ke7 61. Rf5 h5+ 62. Rxh5 Kd6 63. Rf5 Nb3 1-0

[Event "Olimpiade 2014 - Open"]
[Site "Tromsø"]
[Date "06.08.2014"]
[Round "5.42"]
[Board "4"]
[White "Gluckman, David"]
[Black "Olebile, Thato"]
[Result "0-1"]
[WhiteTitle "IM"]
[BlackTitle "CM"]
[WhiteElo "2236"]
[BlackElo "2144"]
[WhiteTeam "South Africa"]
[BlackTeam "Botswana"]
[WhiteFideId "14300010"]
[BlackFideId "11300760"]
[EventDate "2014.08.02"]

1. Nf3 d5 2. c4 e6 3. b3 Nf6 4. g3 b6 5. Bg2 Bb7 6. O-O Be7 7. Bb2 O-O 8. e3 c5
9. Nc3 Nc6 10. d4 cxd4 11. exd4 dxc4 12. bxc4 Na5 13. Ne5 Bxg2 14. Kxg2 Nd7 15.
Qg4 Rc8 16. c5 Nf6 17. Qe2 bxc5 18. dxc5 Rxc5 19. f4 Qc7 20. Rf3 Rb8 21. Rd1 Nc4
22. Nxc4 Rxc4 23. Ba1 Bb4 24. Rdd3 Qc6 25. Kh3 Rc8 26. Qe5 Rc5 27. Qd4 Rh5+ 28.
Kg2 Bc5 29. Qa4 Qb7 30. Ne2 Ng4 31. h4 Ne3+ 32. Rxe3 Bxe3 33. g4 Rxh4 34. Kg3
Rh3+ 35. Kxh3 Qxf3+ 36. Ng3 Bxf4 0-1

[Event "Olimpiade 2014 - Open"]
[Site "Tromsø"]
[Date "06.08.2014"]
[Round "5.43"]
[Board "1"]
[White "Salih, Akar Ali Salih"]
[Black "Wang, Puchen"]
[Result "0-1"]
[WhiteTitle "FM"]
[BlackTitle "IM"]
[WhiteElo "2315"]
[BlackElo "2449"]
[WhiteTeam "Iraq"]
[BlackTeam "New Zealand"]
[WhiteFideId "4800575"]
[BlackFideId "4300904"]
[EventDate "2014.08.02"]

1. e4 c5 2. Nf3 d6 3. d4 cxd4 4. Nxd4 Nf6 5. Nc3 a6 6. Bc4 e6 7. Bb3 Be7 8. g4
h6 9. Rg1 Nc6 10. Be3 Bd7 11. f3 Nh7 12. Qd2 Bh4+ 13. Ke2 Na5 14. Raf1 Rc8 15.
Kd1 Nc4 16. Bxc4 Rxc4 17. f4 Be7 18. g5 hxg5 19. fxg5 Nxg5 20. Nf5 exf5 21. Bxg5
Bxg5 22. Rxg5 Rd4 23. Qxd4 Qxg5 24. Qxd6 fxe4 25. Qb8+ Qd8 26. Qe5+ Kf8 27. Kc1
Rh6 28. Nxe4 Qe7 29. Qb8+ Be8 30. Nc3 Re6 31. Qg3 Bc6 32. Rd1 Kg8 33. Nd5 Qc5
34. Nf4 Qe3+ 35. Qxe3 Rxe3 36. Rf1 Re5 37. Kd2 Rf5 38. Ke3 g5 39. Rg1 Kh7 40.
Nd3 Kh6 41. Nb4 Rf3+ 42. Kd4 Rf2 43. Nd3 Rxh2 44. Ne5 Rh4+ 45. Kc5 f6 46. Nxc6
bxc6 47. Kxc6 Rc4+ 48. Kb6 Rxc2 49. Rb1 g4 50. Kxa6 g3 51. b4 Rxa2+ 52. Kb6 f5
53. b5 Kg5 54. Kc7 f4 55. b6 f3 56. Kd6 Ra8 0-1

[Event "Olimpiade 2014 - Open"]
[Site "Tromsø"]
[Date "06.08.2014"]
[Round "5.43"]
[Board "2"]
[White "Li, Zuhao Luke"]
[Black "Noah, A .H. Al-Ali"]
[Result "0-1"]
[WhiteTitle "FM"]
[BlackTitle "IM"]
[WhiteElo "2365"]
[BlackElo "2326"]
[WhiteTeam "New Zealand"]
[BlackTeam "Iraq"]
[WhiteFideId "4303431"]
[BlackFideId "4800249"]
[EventDate "2014.08.02"]

1. Nf3 c5 2. b3 d6 3. Bb2 e5 4. e4 Nf6 5. Nc3 Nc6 6. h3 a6 7. a4 g6 8. Bc4 Bg7
9. d3 O-O 10. O-O Rb8 11. Nd2 Nh5 12. Ne2 b5 13. axb5 axb5 14. Bd5 Nb4 15. f4
Nf6 16. Ra8 Rxa8 17. Bxa8 Bxh3 18. fxe5 Ng4 19. Rf3 Bxg2 20. Kxg2 Qxa8 21. c3
Bxe5 22. Nc1 Nc6 23. Qe2 b4 24. d4 bxc3 25. Rxc3 cxd4 26. Rh3 Ne3+ 27. Kg1 Nb4
28. Qe1 Rc8 29. Qh4 Rxc1+ 30. Bxc1 Qa1 31. Qd8+ Kg7 32. Qc7 Nd3 33. Nf1 Qxc1 34.
Qxc1 Nxc1 35. Nd2 Nd3 36. Nf3 h5 37. Nxe5 dxe5 38. Rh2 Nb4 39. Rb2 Nd1 0-1

[Event "Olimpiade 2014 - Open"]
[Site "Tromsø"]
[Date "06.08.2014"]
[Round "5.43"]
[Board "3"]
[White "Mohammed, Zozek Salah Mohammed"]
[Black "Ker, Anthony F"]
[Result "1-0"]
[WhiteTitle "CM"]
[BlackTitle "IM"]
[WhiteElo "2226"]
[BlackElo "2316"]
[WhiteTeam "Iraq"]
[BlackTeam "New Zealand"]
[WhiteFideId "4803361"]
[BlackFideId "4300084"]
[EventDate "2014.08.02"]

1. Nf3 d6 2. d4 Bg4 3. Nbd2 g6 4. c4 Nd7 5. Qb3 Rb8 6. g3 Bg7 7. Bg2 c5 8. d5 b5
9. O-O bxc4 10. Qxc4 Ngf6 11. e4 O-O 12. Rb1 a5 13. b3 Qc7 14. Bb2 Rb4 15. Qc2
a4 16. bxa4 Ra8 17. Bxf6 Rxb1 18. Rxb1 Bxf6 19. Nc4 Qa7 20. a5 Bxf3 21. Bxf3 Ne5
22. Nxe5 Bxe5 23. Qa4 Kg7 24. Rb5 Bc3 25. Qb3 Bxa5 26. Rb7 Qa6 27. Qb2+ Kg8 28.
Rxe7 c4 29. Qf6 Rf8 30. e5 Bd8 31. Qxd6 Qc8 32. Rd7 c3 33. Bd1 Bb6 34. Bc2 Bc5
35. Qc7 Qxc7 36. Rxc7 Bd4 37. Re7 Rb8 38. d6 Rb2 39. d7 Bb6 40. Re8+ Kg7 41.
d8=Q Bxd8 42. Rxd8 Rxc2 43. Rc8 Rxa2 44. Rxc3 g5 45. h3 Re2 46. Rc5 Kg6 47. Rc6+
Kg7 48. Rc5 Kg6 49. Kg2 h6 50. Kf1 Ra2 51. Rc6+ Kg7 52. Rc7 Kg6 53. Re7 Rb2 54.
g4 Ra2 55. Kg2 Ra3 56. Kh2 Rf3 57. Kg2 Ra3 58. Re8 Kg7 59. e6 fxe6 60. Rxe6 Rb3
61. Re3 Rb4 62. Kg3 Rb1 63. Rf3 Kg6 64. Rf5 Ra1 65. Rb5 Ra3+ 66. Kg2 Ra4 67.
Rb6+ Kg7 68. Rb1 Kg6 69. Kg3 Ra3+ 70. f3 Kf6 71. Rh1 Kg6 72. h4 gxh4+ 73. Rxh4
Rb3 74. Rh5 Ra3 75. Rd5 Rb3 76. Kf2 Ra3 77. f4 Rb3 78. Rd6+ Kg7 79. Re6 Ra3 80.
Re3 Ra4 81. Kg3 Kf6 82. Rb3 Kg6 83. Rb6+ Kg7 84. f5 Ra3+ 85. Kh4 Ra1 86. Re6
Rh1+ 87. Kg3 Ra1 88. Kf4 Ra4+ 89. Re4 Ra5 90. Re7+ Kg8 91. f6 Rb5 92. Re5 Rb4+
93. Kf5 Kf7 94. Re7+ Kg8 95. Rg7+ Kh8 96. Rd7 Kg8 97. Ke6 Re4+ 98. Kf5 Ra4 99.
Rb7 Rc4 100. Rg7+ Kh8 101. Ra7 Kg8 102. Rd7 Ra4 103. Re7 Rb4 104. Re4 Rb8 105.
Kg6 Kf8 106. Rd4 Ra8 107. Rd7 Ke8 108. Rh7 Ra4 109. Rh8+ Kd7 110. f7 Rxg4+ 111.
Kh7 1-0

[Event "Olimpiade 2014 - Open"]
[Site "Tromsø"]
[Date "06.08.2014"]
[Round "5.43"]
[Board "4"]
[White "Hague, Ben"]
[Black "Al-Khattab, Ghassan M. Ali Ajmed"]
[Result "1-0"]
[WhiteTitle "FM"]
[BlackTitle "FM"]
[WhiteElo "2320"]
[BlackElo "2140"]
[WhiteTeam "New Zealand"]
[BlackTeam "Iraq"]
[WhiteFideId "405647"]
[BlackFideId "4800168"]
[EventDate "2014.08.02"]

1. d4 Nf6 2. Nf3 e6 3. Bg5 Be7 4. e3 b6 5. Bd3 Bb7 6. O-O O-O 7. c4 d5 8. Nc3
Nbd7 9. cxd5 exd5 10. Rc1 c5 11. dxc5 bxc5 12. Bb5 h6 13. Bh4 a6 14. Ba4 Nb6 15.
Bc2 Ne4 16. Bxe7 Qxe7 17. Nxe4 dxe4 18. Nd2 c4 19. Qe2 Rac8 20. Bb1 Bd5 21. Rfd1
Qe6 22. Nf1 Na4 23. Qd2 Rfd8 24. b3 cxb3 25. axb3 Nc5 26. b4 Nd3 27. Bxd3 Bb3
28. Bc4 Bxc4 29. Qxd8+ Rxd8 30. Rxd8+ Kh7 31. Ng3 Bd3 32. h4 Qe7 33. Rcc8 Qxh4
34. Rh8+ Kg6 35. Rc6+ f6 36. Rg8 Qg4 37. Rc7 Kh7 38. Re8 h5 39. Ree7 h4 40. Nh5
Qd1+ 41. Kh2 Kh6 42. Nf4 Qg4 43. Re8 g6 44. Rg8 1-0

[Event "Olimpiade 2014 - Open"]
[Site "Tromsø"]
[Date "06.08.2014"]
[Round "5.44"]
[Board "1"]
[White "Davy, Damion"]
[Black "Baburin, Alexander"]
[Result "1/2-1/2"]
[WhiteTitle "CM"]
[BlackTitle "GM"]
[WhiteElo "2164"]
[BlackElo "2502"]
[WhiteTeam "Jamaica"]
[BlackTeam "Ireland"]
[WhiteFideId "7400519"]
[BlackFideId "2500914"]
[EventDate "2014.08.02"]

1. e4 Nf6 2. e5 Nd5 3. d4 d6 4. Nf3 dxe5 5. Nxe5 c6 6. Be2 Bf5 7. O-O Nd7 8. Nf3
e6 9. c4 N5f6 10. Nc3 Bb4 11. Qb3 Bxc3 12. Qxc3 O-O 13. b3 h6 14. Bb2 Qc7 15.
Ne5 Rfd8 16. Rad1 Ne4 17. Qe3 Nxe5 18. dxe5 Qa5 19. f3 Ng5 20. a3 Rxd1 21. Rxd1
Rd8 22. Rxd8+ Qxd8 23. Kf2 Bc2 24. b4 a6 25. Qd4 Qxd4+ 26. Bxd4 Nh7 27. Ke3 Nf8
28. Bc5 Nd7 29. Bd6 f6 30. f4 f5 31. Bh5 Be4 32. g3 c5 33. bxc5 Bc6 34. Kd4 Nf8
35. Bxf8 Kxf8 36. Kc3 a5 37. Kd4 Ke7 38. Be2 g6 39. g4 g5 40. fxg5 hxg5 41. Ke3
f4+ 42. Kf2 Kf7 43. Bf3 Kg6 44. Bxc6 bxc6 45. Ke2 a4 46. Kd3 Kh6 47. Ke4 Kg6 48.
Kf3 Kh6 49. Kf2 Kg7 50. Kg2 Kh7 1/2-1/2

[Event "Olimpiade 2014 - Open"]
[Site "Tromsø"]
[Date "06.08.2014"]
[Round "5.44"]
[Board "2"]
[White "Collins, Sam E."]
[Black "Lorne, Malaku"]
[Result "1/2-1/2"]
[WhiteTitle "IM"]
[WhiteElo "2495"]
[BlackElo "2056"]
[WhiteTeam "Ireland"]
[BlackTeam "Jamaica"]
[WhiteFideId "2501198"]
[BlackFideId "7400330"]
[EventDate "2014.08.02"]

1. e4 c6 2. d4 d5 3. e5 Bf5 4. Nf3 e6 5. Be2 c5 6. Be3 Qb6 7. Nbd2 Nc6 8. dxc5
Bxc5 9. Bxc5 Qxc5 10. c3 Nge7 11. O-O O-O 12. Re1 Rfd8 13. Bf1 h6 14. h3 b5 15.
Nb3 Qb6 16. Nfd4 b4 17. Rc1 Rac8 18. Re3 Bg6 19. Bb5 Nxd4 20. Nxd4 Nf5 21. Nxf5
Bxf5 22. Bd3 Bxd3 23. Rxd3 bxc3 24. bxc3 Rc4 25. Rd4 Rdc8 26. Rb1 Qa5 27. Rxc4
dxc4 28. Qd4 Qxa2 29. Rb7 Ra8 30. Rb4 Rc8 31. Rb7 Ra8 32. Rb4 Rc8 33. Qd7 Rf8
34. Qd4 Rc8 35. Qd7 Rf8 36. Qd4 Rc8 37. Rb7 1/2-1/2

[Event "Olimpiade 2014 - Open"]
[Site "Tromsø"]
[Date "06.08.2014"]
[Round "5.44"]
[Board "3"]
[White "Mellace, Andrew"]
[Black "Astaneh Lopez, Alex"]
[Result "0-1"]
[BlackTitle "IM"]
[WhiteElo "2087"]
[BlackElo "2419"]
[WhiteTeam "Jamaica"]
[BlackTeam "Ireland"]
[WhiteFideId "7400055"]
[BlackFideId "2501430"]
[EventDate "2014.08.02"]

1. e4 c6 2. d4 d5 3. Nd2 dxe4 4. Nxe4 Bf5 5. Ng3 Bg6 6. h4 h6 7. Nf3 Nd7 8. h5
Bh7 9. Bd3 Bxd3 10. Qxd3 e6 11. Bd2 Ngf6 12. Ne4 Nxe4 13. Qxe4 Nf6 14. Qe2 Qd5
15. c4 Qe4 16. Rh4 Qxe2+ 17. Kxe2 Be7 18. Bc3 O-O 19. g3 b5 20. Ne5 Rfc8 21. c5
Nd5 22. Rhh1 a5 23. a3 Ra6 24. Bd2 Rd8 25. f3 Bf6 26. f4 Ne7 27. Bc3 Nf5 28. Kf2
Nxd4 29. Rad1 Nb3 30. Rxd8+ Bxd8 31. Nd7 Ra8 32. Rd1 Be7 33. Ne5 Bxc5+ 34. Kg2
b4 35. axb4 axb4 36. Be1 Ra2 37. Rd8+ Kh7 38. Nxf7 Rxb2+ 39. Kh3 g6 40. Rd7 gxh5
41. Ne5+ Kg8 42. Nxc6 Nc1 43. g4 Rb3+ 44. Kh4 Nd3 45. Kxh5 Nxe1 46. Kg6 Rd3 47.
Rc7 Bf8 48. Rc8 Rd7 49. Nxb4 Rg7+ 50. Kh5 Ng2 51. Nd3 Rd7 52. Rc2 Rxd3 53. Rxg2
Kf7 54. g5 Rd5 55. Rb2 hxg5 56. fxg5 Be7 57. Rf2+ Kg7 58. Rg2 Rf5 59. Rg1 e5 60.
Rg3 Bxg5 61. Kg4 Kf6 62. Rb3 Rf4+ 63. Kg3 Kf5 64. Rb8 Bh4+ 65. Kh3 Bf6 66. Kg3
e4 67. Rf8 Rf3+ 68. Kg2 Ke5 69. Re8+ Kf4 70. Rf8 Ke3 71. Ra8 Bc3 72. Re8 Be1 73.
Re6 Rg3+ 74. Kh2 Kf3 75. Ra6 Rg4 76. Rf6+ Rf4 77. Rh6 Rh4+ 0-1